Statistiken für Geboren in Aalborg

Klicken Sie hier um das Quiz zu spielen!

Allgemein

  • Dieses Quiz wurde 3 mal gespielt
  • Das Durchschnittsergebnis liegt bei 3 aus 9

Antwortstatistiken

HinweisAntwort% Korrekt
früherer Nationalspieler (Schalke und Bröndby)1972Ebbe Sand
67%
Trainer der dänischen Herrenfußballnationalmannschaft1972Kasper Hjulmand
67%
König von Dänemark, Norwegen und Schweden1455Johann I.
33%
Ministerpräsidentin von Dänemark1977Mette Frederiksen
33%
Eishockeyspieler, Winnipeg Jets1994Nikolaj Ehlers
33%
Schauspieler, bekannt durch seine Rolle Dynamit Harry aus den Olsenbande-Filmen1930Preben Kaas
33%
Handballnationalspieler, SG Flensburg-Handewitt1994Simon Hald Jensen
33%
Kameramann, "Shape of Water" "John Wick"1954Dan Laustsen
0%
Trainer der dänischen Frauenfußballnationalmannschaft1959Lars Søndergaard
0%

Verteilung der Resultate

Perzentil nach korrekt beantworteten Fragen

Anzahl Personen mit jedem Resultat

Ihre Resultats-Entwicklung

Sie haben dieses Quiz noch nicht gespielt